<?xml version="1.0" encoding="UTF-8"?>
<record
    xmlns:xsi="http://www.w3.org/2001/XMLSchema-instance"
    xsi:schemaLocation="http://www.loc.gov/MARC21/slim http://www.loc.gov/standards/marcxml/schema/MARC21slim.xsd"
    xmlns="http://www.loc.gov/MARC21/slim">

  <leader>00901nam a22002897a 4500</leader>
  <datafield tag="999" ind1=" " ind2=" ">
    <subfield code="c">171</subfield>
    <subfield code="d">171</subfield>
  </datafield>
  <controlfield tag="001">15892</controlfield>
  <controlfield tag="003">BD-DhUAP</controlfield>
  <controlfield tag="005">20201208124222.0</controlfield>
  <controlfield tag="008">200119s2011    ii       |    001 0 eng d   </controlfield>
  <datafield tag="020" ind1=" " ind2=" ">
    <subfield code="a">9780070145900</subfield>
  </datafield>
  <datafield tag="020" ind1=" " ind2=" ">
    <subfield code="a">0070145903</subfield>
  </datafield>
  <datafield tag="040" ind1=" " ind2=" ">
    <subfield code="a">BD-DhUAP</subfield>
    <subfield code="c">BD-DhUAP</subfield>
    <subfield code="d">BD-DhUAP</subfield>
    <subfield code="b">Eng</subfield>
  </datafield>
  <datafield tag="082" ind1="0" ind2="0">
    <subfield code="2">23</subfield>
    <subfield code="a">005.133 GOT</subfield>
  </datafield>
  <datafield tag="100" ind1=" " ind2=" ">
    <subfield code="a">Gottfried, Byron S.</subfield>
  </datafield>
  <datafield tag="245" ind1=" " ind2=" ">
    <subfield code="a">Schaum's outlines programming with c /</subfield>
    <subfield code="c">Byron S. Gottfried ; adapted by Jitender Kumar Chhabra.</subfield>
  </datafield>
  <datafield tag="250" ind1=" " ind2=" ">
    <subfield code="a">3rd ed.</subfield>
  </datafield>
  <datafield tag="260" ind1=" " ind2=" ">
    <subfield code="a">New Delhi :</subfield>
    <subfield code="b">Tata Mcgraw-hill publishing,</subfield>
    <subfield code="c">c2011.</subfield>
  </datafield>
  <datafield tag="300" ind1=" " ind2=" ">
    <subfield code="a">various pages ;</subfield>
    <subfield code="c">24 cm.</subfield>
  </datafield>
  <datafield tag="490" ind1=" " ind2=" ">
    <subfield code="a">Schaum's outlines.</subfield>
  </datafield>
  <datafield tag="500" ind1=" " ind2=" ">
    <subfield code="a">Includes index.</subfield>
  </datafield>
  <datafield tag="504" ind1=" " ind2=" ">
    <subfield code="a">Includes bibliographical references.</subfield>
  </datafield>
  <datafield tag="650" ind1=" " ind2="0">
    <subfield code="a">C (Computer program language).</subfield>
  </datafield>
  <datafield tag="700" ind1=" " ind2=" ">
    <subfield code="a">Chhabra, Jitender Kumar.</subfield>
  </datafield>
  <datafield tag="942" ind1=" " ind2=" ">
    <subfield code="2">ddc</subfield>
    <subfield code="c">BK</subfield>
  </datafield>
  <datafield tag="952" ind1=" " ind2=" ">
    <subfield code="0">0</subfield>
    <subfield code="1">0</subfield>
    <subfield code="2">ddc</subfield>
    <subfield code="4">0</subfield>
    <subfield code="7">0</subfield>
    <subfield code="a">UAPCL</subfield>
    <subfield code="b">UAPCL</subfield>
    <subfield code="c">General Stacks</subfield>
    <subfield code="d">2020-01-19</subfield>
    <subfield code="l">2</subfield>
    <subfield code="o">005.133 GOT</subfield>
    <subfield code="p">3010015892</subfield>
    <subfield code="r">2023-09-13</subfield>
    <subfield code="s">2023-08-31</subfield>
    <subfield code="t">1</subfield>
    <subfield code="w">2020-01-19</subfield>
    <subfield code="y">BK</subfield>
  </datafield>
  <datafield tag="952" ind1=" " ind2=" ">
    <subfield code="0">0</subfield>
    <subfield code="1">0</subfield>
    <subfield code="2">ddc</subfield>
    <subfield code="4">0</subfield>
    <subfield code="7">0</subfield>
    <subfield code="a">UAPCL</subfield>
    <subfield code="b">UAPCL</subfield>
    <subfield code="c">General Stacks</subfield>
    <subfield code="d">2020-01-19</subfield>
    <subfield code="l">1</subfield>
    <subfield code="o">005.133 GOT</subfield>
    <subfield code="p">3010016850</subfield>
    <subfield code="r">2024-11-04</subfield>
    <subfield code="s">2024-10-29</subfield>
    <subfield code="t">2</subfield>
    <subfield code="w">2020-01-19</subfield>
    <subfield code="y">BK</subfield>
  </datafield>
  <datafield tag="952" ind1=" " ind2=" ">
    <subfield code="0">0</subfield>
    <subfield code="1">0</subfield>
    <subfield code="2">ddc</subfield>
    <subfield code="4">0</subfield>
    <subfield code="7">0</subfield>
    <subfield code="a">UAPCL</subfield>
    <subfield code="b">UAPCL</subfield>
    <subfield code="c">General Stacks</subfield>
    <subfield code="d">2020-01-19</subfield>
    <subfield code="o">005.133 GOT</subfield>
    <subfield code="p">3010015886</subfield>
    <subfield code="r">2020-01-19</subfield>
    <subfield code="t">3</subfield>
    <subfield code="w">2020-01-19</subfield>
    <subfield code="y">BK</subfield>
  </datafield>
  <datafield tag="952" ind1=" " ind2=" ">
    <subfield code="0">0</subfield>
    <subfield code="1">0</subfield>
    <subfield code="2">ddc</subfield>
    <subfield code="4">0</subfield>
    <subfield code="7">0</subfield>
    <subfield code="a">UAPCL</subfield>
    <subfield code="b">UAPCL</subfield>
    <subfield code="c">General Stacks</subfield>
    <subfield code="d">2020-01-19</subfield>
    <subfield code="o">005.133 GOT</subfield>
    <subfield code="p">3010015887</subfield>
    <subfield code="r">2020-01-19</subfield>
    <subfield code="t">4</subfield>
    <subfield code="w">2020-01-19</subfield>
    <subfield code="y">BK</subfield>
  </datafield>
  <datafield tag="952" ind1=" " ind2=" ">
    <subfield code="0">0</subfield>
    <subfield code="1">0</subfield>
    <subfield code="2">ddc</subfield>
    <subfield code="4">0</subfield>
    <subfield code="7">0</subfield>
    <subfield code="a">UAPCL</subfield>
    <subfield code="b">UAPCL</subfield>
    <subfield code="c">General Stacks</subfield>
    <subfield code="d">2020-01-19</subfield>
    <subfield code="o">005.133 GOT</subfield>
    <subfield code="p">3010017077</subfield>
    <subfield code="r">2020-01-19</subfield>
    <subfield code="t">5</subfield>
    <subfield code="w">2020-01-19</subfield>
    <subfield code="y">BK</subfield>
  </datafield>
  <datafield tag="952" ind1=" " ind2=" ">
    <subfield code="0">0</subfield>
    <subfield code="1">0</subfield>
    <subfield code="2">ddc</subfield>
    <subfield code="4">0</subfield>
    <subfield code="7">0</subfield>
    <subfield code="a">UAPCL</subfield>
    <subfield code="b">UAPCL</subfield>
    <subfield code="c">General Stacks</subfield>
    <subfield code="d">2020-01-19</subfield>
    <subfield code="o">005.133 GOT</subfield>
    <subfield code="p">3010016851</subfield>
    <subfield code="r">2020-01-19</subfield>
    <subfield code="t">6</subfield>
    <subfield code="w">2020-01-19</subfield>
    <subfield code="y">BK</subfield>
  </datafield>
  <datafield tag="952" ind1=" " ind2=" ">
    <subfield code="0">0</subfield>
    <subfield code="1">0</subfield>
    <subfield code="2">ddc</subfield>
    <subfield code="4">0</subfield>
    <subfield code="7">0</subfield>
    <subfield code="a">UAPCL</subfield>
    <subfield code="b">UAPCL</subfield>
    <subfield code="c">General Stacks</subfield>
    <subfield code="d">2020-01-19</subfield>
    <subfield code="o">005.133 GOT</subfield>
    <subfield code="p">3010015884</subfield>
    <subfield code="r">2020-01-19</subfield>
    <subfield code="t">7</subfield>
    <subfield code="w">2020-01-19</subfield>
    <subfield code="y">BK</subfield>
  </datafield>
  <datafield tag="952" ind1=" " ind2=" ">
    <subfield code="0">0</subfield>
    <subfield code="1">0</subfield>
    <subfield code="2">ddc</subfield>
    <subfield code="4">0</subfield>
    <subfield code="7">0</subfield>
    <subfield code="a">UAPCL</subfield>
    <subfield code="b">UAPCL</subfield>
    <subfield code="c">General Stacks</subfield>
    <subfield code="d">2020-01-19</subfield>
    <subfield code="l">2</subfield>
    <subfield code="m">2</subfield>
    <subfield code="o">005.133 GOT</subfield>
    <subfield code="p">3010015891</subfield>
    <subfield code="r">2023-05-22</subfield>
    <subfield code="s">2023-04-13</subfield>
    <subfield code="t">8</subfield>
    <subfield code="w">2020-01-19</subfield>
    <subfield code="y">BK</subfield>
  </datafield>
  <datafield tag="952" ind1=" " ind2=" ">
    <subfield code="0">0</subfield>
    <subfield code="1">0</subfield>
    <subfield code="2">ddc</subfield>
    <subfield code="4">0</subfield>
    <subfield code="7">0</subfield>
    <subfield code="a">UAPCL</subfield>
    <subfield code="b">UAPCL</subfield>
    <subfield code="c">General Stacks</subfield>
    <subfield code="d">2020-01-19</subfield>
    <subfield code="o">005.133 GOT</subfield>
    <subfield code="p">3010015888</subfield>
    <subfield code="r">2020-01-19</subfield>
    <subfield code="t">9</subfield>
    <subfield code="w">2020-01-19</subfield>
    <subfield code="y">BK</subfield>
  </datafield>
  <datafield tag="952" ind1=" " ind2=" ">
    <subfield code="0">0</subfield>
    <subfield code="1">0</subfield>
    <subfield code="2">ddc</subfield>
    <subfield code="4">0</subfield>
    <subfield code="7">0</subfield>
    <subfield code="a">UAPCL</subfield>
    <subfield code="b">UAPCL</subfield>
    <subfield code="c">General Stacks</subfield>
    <subfield code="d">2020-01-19</subfield>
    <subfield code="o">005.133 GOT</subfield>
    <subfield code="p">3010016999</subfield>
    <subfield code="r">2020-01-19</subfield>
    <subfield code="t">10</subfield>
    <subfield code="w">2020-01-19</subfield>
    <subfield code="y">BK</subfield>
  </datafield>
  <datafield tag="952" ind1=" " ind2=" ">
    <subfield code="0">0</subfield>
    <subfield code="1">0</subfield>
    <subfield code="2">ddc</subfield>
    <subfield code="4">0</subfield>
    <subfield code="7">0</subfield>
    <subfield code="a">UAPCL</subfield>
    <subfield code="b">UAPCL</subfield>
    <subfield code="c">General Stacks</subfield>
    <subfield code="d">2020-01-19</subfield>
    <subfield code="l">5</subfield>
    <subfield code="o">005.133 GOT</subfield>
    <subfield code="p">3010005379</subfield>
    <subfield code="r">2025-07-28</subfield>
    <subfield code="s">2025-07-20</subfield>
    <subfield code="t">11</subfield>
    <subfield code="w">2020-01-19</subfield>
    <subfield code="y">BK</subfield>
  </datafield>
  <datafield tag="952" ind1=" " ind2=" ">
    <subfield code="0">0</subfield>
    <subfield code="1">0</subfield>
    <subfield code="2">ddc</subfield>
    <subfield code="4">0</subfield>
    <subfield code="7">0</subfield>
    <subfield code="a">UAPCL</subfield>
    <subfield code="b">UAPCL</subfield>
    <subfield code="c">General Stacks</subfield>
    <subfield code="d">2020-01-19</subfield>
    <subfield code="l">4</subfield>
    <subfield code="m">2</subfield>
    <subfield code="o">005.133 GOT</subfield>
    <subfield code="p">3010015883</subfield>
    <subfield code="r">2023-09-17</subfield>
    <subfield code="s">2023-09-12</subfield>
    <subfield code="t">12</subfield>
    <subfield code="w">2020-01-19</subfield>
    <subfield code="y">BK</subfield>
  </datafield>
  <datafield tag="952" ind1=" " ind2=" ">
    <subfield code="0">0</subfield>
    <subfield code="1">0</subfield>
    <subfield code="2">ddc</subfield>
    <subfield code="4">0</subfield>
    <subfield code="7">0</subfield>
    <subfield code="a">UAPCL</subfield>
    <subfield code="b">UAPCL</subfield>
    <subfield code="c">General Stacks</subfield>
    <subfield code="d">2020-01-19</subfield>
    <subfield code="o">005.133 GOT</subfield>
    <subfield code="p">3010017078</subfield>
    <subfield code="r">2020-01-19</subfield>
    <subfield code="t">13</subfield>
    <subfield code="w">2020-01-19</subfield>
    <subfield code="y">BK</subfield>
  </datafield>
  <datafield tag="952" ind1=" " ind2=" ">
    <subfield code="0">0</subfield>
    <subfield code="1">0</subfield>
    <subfield code="2">ddc</subfield>
    <subfield code="4">0</subfield>
    <subfield code="7">0</subfield>
    <subfield code="a">UAPCL</subfield>
    <subfield code="b">UAPCL</subfield>
    <subfield code="c">General Stacks</subfield>
    <subfield code="d">2020-01-19</subfield>
    <subfield code="o">005.133 GOT</subfield>
    <subfield code="p">3010016997</subfield>
    <subfield code="r">2020-01-19</subfield>
    <subfield code="t">14</subfield>
    <subfield code="w">2020-01-19</subfield>
    <subfield code="y">BK</subfield>
  </datafield>
  <datafield tag="952" ind1=" " ind2=" ">
    <subfield code="0">0</subfield>
    <subfield code="1">0</subfield>
    <subfield code="2">ddc</subfield>
    <subfield code="4">0</subfield>
    <subfield code="7">0</subfield>
    <subfield code="a">UAPCL</subfield>
    <subfield code="b">UAPCL</subfield>
    <subfield code="c">General Stacks</subfield>
    <subfield code="d">2020-01-19</subfield>
    <subfield code="o">005.133 GOT</subfield>
    <subfield code="p">3010016848</subfield>
    <subfield code="r">2020-01-19</subfield>
    <subfield code="t">15</subfield>
    <subfield code="w">2020-01-19</subfield>
    <subfield code="y">BK</subfield>
  </datafield>
  <datafield tag="952" ind1=" " ind2=" ">
    <subfield code="0">0</subfield>
    <subfield code="1">0</subfield>
    <subfield code="2">ddc</subfield>
    <subfield code="4">0</subfield>
    <subfield code="7">0</subfield>
    <subfield code="a">UAPCL</subfield>
    <subfield code="b">UAPCL</subfield>
    <subfield code="c">General Stacks</subfield>
    <subfield code="d">2020-01-19</subfield>
    <subfield code="o">005.133 GOT</subfield>
    <subfield code="p">3010015885</subfield>
    <subfield code="r">2020-01-19</subfield>
    <subfield code="t">16</subfield>
    <subfield code="w">2020-01-19</subfield>
    <subfield code="y">BK</subfield>
  </datafield>
  <datafield tag="952" ind1=" " ind2=" ">
    <subfield code="0">0</subfield>
    <subfield code="1">0</subfield>
    <subfield code="2">ddc</subfield>
    <subfield code="4">0</subfield>
    <subfield code="7">0</subfield>
    <subfield code="a">UAPCL</subfield>
    <subfield code="b">UAPCL</subfield>
    <subfield code="c">General Stacks</subfield>
    <subfield code="d">2020-01-19</subfield>
    <subfield code="o">005.133 GOT</subfield>
    <subfield code="p">3010016849</subfield>
    <subfield code="r">2020-01-19</subfield>
    <subfield code="t">17</subfield>
    <subfield code="w">2020-01-19</subfield>
    <subfield code="y">BK</subfield>
  </datafield>
  <datafield tag="952" ind1=" " ind2=" ">
    <subfield code="0">0</subfield>
    <subfield code="1">0</subfield>
    <subfield code="2">ddc</subfield>
    <subfield code="4">0</subfield>
    <subfield code="7">0</subfield>
    <subfield code="a">UAPCL</subfield>
    <subfield code="b">UAPCL</subfield>
    <subfield code="c">General Stacks</subfield>
    <subfield code="d">2020-01-19</subfield>
    <subfield code="l">2</subfield>
    <subfield code="o">005.133 GOT</subfield>
    <subfield code="p">3010015889</subfield>
    <subfield code="r">2023-09-13</subfield>
    <subfield code="s">2023-08-31</subfield>
    <subfield code="t">18</subfield>
    <subfield code="w">2020-01-19</subfield>
    <subfield code="y">BK</subfield>
  </datafield>
  <datafield tag="952" ind1=" " ind2=" ">
    <subfield code="0">0</subfield>
    <subfield code="1">0</subfield>
    <subfield code="2">ddc</subfield>
    <subfield code="4">0</subfield>
    <subfield code="7">0</subfield>
    <subfield code="a">UAPCL</subfield>
    <subfield code="b">UAPCL</subfield>
    <subfield code="c">General Stacks</subfield>
    <subfield code="d">2020-12-28</subfield>
    <subfield code="l">1</subfield>
    <subfield code="o">005.133 GOT</subfield>
    <subfield code="p">3010015890</subfield>
    <subfield code="r">2023-10-04</subfield>
    <subfield code="s">2023-08-31</subfield>
    <subfield code="t">19</subfield>
    <subfield code="w">2020-12-28</subfield>
    <subfield code="y">BK</subfield>
  </datafield>
  <datafield tag="952" ind1=" " ind2=" ">
    <subfield code="0">0</subfield>
    <subfield code="1">0</subfield>
    <subfield code="2">ddc</subfield>
    <subfield code="4">0</subfield>
    <subfield code="7">0</subfield>
    <subfield code="a">UAPCL</subfield>
    <subfield code="b">UAPCL</subfield>
    <subfield code="c">General Stacks</subfield>
    <subfield code="d">2021-02-01</subfield>
    <subfield code="o">005.133 GOT</subfield>
    <subfield code="p">3010016998</subfield>
    <subfield code="r">2021-02-01</subfield>
    <subfield code="t">20</subfield>
    <subfield code="w">2021-02-01</subfield>
    <subfield code="y">BK</subfield>
  </datafield>
</record>
